| 000 | 00789cam a22002897a 4500 | ||
|---|---|---|---|
| 003 | CHAP | ||
| 005 | 20220817042518.0 | ||
| 008 | 971013s1974 r 00010 d | ||
| 010 | _a46809 | ||
| 011 | _a47781 | ||
| 035 | _a51924 | ||
| 040 | _cCHAP | ||
| 090 | _aFolleto 2541 | ||
| 110 | _aFAO | ||
| 245 | 1 | 2 | _aA report on charcoal |
| 260 |
_aRome : _bFAO, _c1974 |
||
| 300 |
_a97 p. _b: ilus. ; gráfs. |
||
| 590 |
_aBATCH-UPD _b10 _c20130110 _lUCH01 _h1517 |
||
| 590 |
_aBATCH-UPD _b10 _c20130410 _lUCH01 _h0931 |
||
| 590 |
_aBATCH-UPD _b10 _c20130914 _lUCH01 _h0842 |
||
| 590 |
_aCONVERSION _b10 _c20130109 _lUCH01 _h1326 |
||
| 650 | 1 | 4 |
_aCarbón. _918836 |
| 700 | 0 |
_aEarl, D. E. _934984 |
|
| 901 | _aBK | ||
| 942 | _cFOLL | ||
| 949 |
_aFolleto 2541 _bBC _cFAO _d-115954 _eFAO1 _i51924 _mD _si |
||
| 999 |
_c46809 _d46809 |
||